Five Least Christian Countries by Continent - Statistics

General Stats
  • This quiz has been taken 371 times
  • The average score is 18 of 30
Answer Stats
Percentage Country % Correct
48.4% Suriname
80%
57.0% Guyana
79%
0.4% Iran
76%
71% United States
75%
67.3% Canada
74%
68% Chile
72%
58.1% Uruguay
72%
61.1% Australia
70%
87% Peru
70%
0.2% Yemen
70%
17% Albania
67%
0.06% Afghanistan
65%
64.4% Fiji
65%
47.8% New Zealand
63%
45.94% Bosnia and Herzegovina
62%
0.01% Somalia
62%
0.2% Turkey
60%
59.2% Cuba
59%
1% Morocco
58%
0.14% Mauritania
57%
0.5% Niger
55%
81% Tonga
50%
0.2% Tunisia
50%
77.9% Palau
47%
45% Estonia
45%
65.3% Jamaica
45%
34% Czech Republic
41%
57.6% Trinidad and Tobago
41%
0.08% Maldives
39%
39% Netherlands
34%
No matching quizzes found
Score Distribution
Percent of People with Each Score
Percentile by Number Answered
Your Score History
You have not taken this quiz